El euskara, en la enseñanza de Navarra. (Record no. 12475)

MARC details
000 -LEADER
campo de control de longitud fija 01007nam a2200277 i 4500
001 - NÚMERO DE CONTROL
campo de control 12475
003 - IDENTIFICADOR DE NÚMERO DE CONTROL
campo de control ES-MaACL
005 - FECHA Y HORA DE LA ÚLTIMA TRANSACCIÓN
campo de control 20230906150323.0
007 - CAMPO FIJO DE DESCRIPCIÓN FÍSICA--INFORMACIÓN GENERAL
campo de control de longitud fija t|
008 - DATOS DE LONGITUD FIJA--INFORMACIÓN GENERAL
campo de control de longitud fija 921016s1989 sp ||||0| spa d
016 7# - NÚMERO DE CONTROL DE UNA AGENCIA BIBLIOGRÁFICA NACIONAL
Número de control cancelado/no válido CHM920007584
020 ## - NÚMERO INTERNACIONAL ESTÁNDAR DEL LIBRO
Número Internacional Estándar del Libro 84-235-0867-5
040 ## - FUENTE DE CATALOGACIÓN
Centro catalogador/agencia de origen CHM
Lengua de catalogación spa
Centro/agencia transcriptor CHM
080 ## - NÚMERO DE LA CLASIFICACIÓN DECIMAL UNIVERSAL
Número de la Clasificación Decimal Universal 809.169:351.851(460.16)"19"(094.5)
080 ## - NÚMERO DE LA CLASIFICACIÓN DECIMAL UNIVERSAL
Número de la Clasificación Decimal Universal 351.851(460.16)"19"(094.5):809.169
245 03 - MENCIÓN DEL TÍTULO
Título El euskara, en la enseñanza de Navarra.
260 ## - PUBLICACIÓN, DISTRIBUCIÓN, ETC.
Lugar de publicación, distribución, etc. Pamplona :
Nombre del editor, distribuidor, etc. Departamento de Presidencia e Interior, Gobierno,
Fecha de publicación, distribución, etc. D.L. 1989.
300 ## - DESCRIPCIÓN FÍSICA
Extensión 173 p ;
Dimensiones 22 cm.
490 1# - MENCIÓN DE SERIE
Mención de serie Textos legales ;
Designación de volumen o secuencia 6
650 14 - PUNTO DE ACCESO ADICIONAL DE MATERIA--TÉRMINO DE MATERIA
Término de materia o nombre geográfico como elemento de entrada Lengua vasca-
Subdivisión general Enseñanza-
Subdivisión geográfica Navarra (Comunidad Autónoma)-
Subdivisión de forma Legislación.
9 (RLIN) 14336
710 1# - ENTRADA AGREGADA--NOMBRE DE ENTIDAD CORPORATIVA
Nombre de entidad corporativa o nombre de jurisdicción como elemento de entrada Navarra (Comunidad Autónoma).
Unidad subordinada Departamento de Educación y Cultura.
9 (RLIN) 5980
710 1# - ENTRADA AGREGADA--NOMBRE DE ENTIDAD CORPORATIVA
Nombre de entidad corporativa o nombre de jurisdicción como elemento de entrada Navarra (Comunidad Autónoma).
Unidad subordinada Departamento de Presidencia e Interior.
9 (RLIN) 5982
830 0# - PUNTO DE ACCESO ADICIONAL DE SERIE-TÍTULO UNIFORME
Título uniforme Textos legales ;
Designación de volumen o secuencia 6
9 (RLIN) 178122
852 ## - LOCALIZACIÓN
Ubicación ES-MaACL
Número de control de estantería L-19798
Sublocalización o colección R.119339
Holdings
Estatus retirado Estado de pérdida Estado de daño No para préstamo Biblioteca de origen Biblioteca actual Ubicación en estantería Fecha de adquisición Fuente de adquisición Total de préstamos Signatura topográfica completa Código de barras Visto por última vez Precio de reemplazo Tipo de ítem Koha
        Biblioteca del Ateneo de Madrid Biblioteca del Ateneo de Madrid Depósito 2 17/01/2008     L-19798 1012711 23/02/2023 23/02/2023 Libro impreso